โครงการศึกษาการจัดทำแผนแม่บทด้านการจราจรและขนส่งเมืองในภูมิภาค จังหวัดสระแก้ว รายงานฉบับสมบูรณ์ / (ระเบียนเลขที่ 46364)
| 000 -LEADER | |
|---|---|
| fixed length control field | 02009nam a22002657a 4500 |
| 003 - CONTROL NUMBER IDENTIFIER | |
| control field | NALT |
| 005 - DATE AND TIME OF LATEST TRANSACTION | |
| control field | 20220208101514.0 |
| 008 - FIXED-LENGTH DATA ELEMENTS--GENERAL INFORMATION | |
| fixed length control field | s2545 th tha d |
| 040 ## - CATALOGING SOURCE | |
| Original cataloging agency | NALT |
| 041 ## - LANGUAGE CODE | |
| Language code of text/sound track or separate title | tha |
| 050 ## - LIBRARY OF CONGRESS CALL NUMBER | |
| Classification number | HE 373.T53S2 |
| Item number | ค123ค 2545 |
| 110 2# - MAIN ENTRY--CORPORATE NAME | |
| Corporate name or jurisdiction name as entry element | สำนักงานคณะกรรมการจัดระบบการจราจรทางบก |
| 9 (RLIN) | 56537 |
| 245 10 - TITLE STATEMENT | |
| Title | โครงการศึกษาการจัดทำแผนแม่บทด้านการจราจรและขนส่งเมืองในภูมิภาค จังหวัดสระแก้ว รายงานฉบับสมบูรณ์ / |
| Statement of responsibility, etc. | สำนักงานคณะกรรมการจัดระบบการจราจรทางบก. |
| 260 ## - PUBLICATION, DISTRIBUTION, ETC. | |
| Place of publication, distribution, etc. | นครราชสีมา : |
| Name of publisher, distributor, etc. | มหาวิทยาลัยเทคโนโลยีสุรนารี, |
| Date of publication, distribution, etc. | 2545 |
| 300 ## - PHYSICAL DESCRIPTION | |
| Extent | 1 เล่ม : |
| Other physical details | ภาพประกอบ, ตาราง, แผนที่ ; |
| Dimensions | 28 ซม. |
| 610 ## - SUBJECT ADDED ENTRY--CORPORATE NAME | |
| Corporate name or jurisdiction name as entry element | สำนักงานคณะกรรมการจัดระบบการจราจรทางบก |
| 650 04 - SUBJECT ADDED ENTRY--TOPICAL TERM | |
| Topical term or geographic name entry element | การขนส่ง -- สระแก้ว -- วิจัย |
| 650 04 - SUBJECT ADDED ENTRY--TOPICAL TERM | |
| Topical term or geographic name entry element | สระแก้ว -- ประวัติ -- วิจัย |
| 650 04 - SUBJECT ADDED ENTRY--TOPICAL TERM | |
| Topical term or geographic name entry element | สระแก้ว -- การขนส่ง -- วิจัย |
| 650 04 - SUBJECT ADDED ENTRY--TOPICAL TERM | |
| Topical term or geographic name entry element | จราจรในเมือง -- สระแก้ว -- วิจัย |
| 650 04 - SUBJECT ADDED ENTRY--TOPICAL TERM | |
| Topical term or geographic name entry element | จราจร -- สระแก้ว -- วิจัย |
| 650 04 - SUBJECT ADDED ENTRY--TOPICAL TERM | |
| Topical term or geographic name entry element | จราจร -- สระแก้ว -- วิจัยจราจรในเมือง -- สระแก้ว -- วิจัยสระแก้ว -- การขนส่ง -- วิจัยสระแก้ว -- ประวัติ -- วิจัยการขนส่ง -- สระแก้ว -- วิจัย |
| 850 ## - HOLDING INSTITUTION | |
| Holding institution | NALT |
| 942 ## - ADDED ENTRY ELEMENTS (KOHA) | |
| Koha item type | Research/Thesis |
| Source of classification or shelving scheme | Library of Congress Classification |
| 998 ## - STAFF NAME (NALT) | |
| -- | 109 |
| -- | อารีรัตน์ วิชาช่าง |
| Withdrawn status | Lost status | Damaged status | Not for loan | Collection code | Home library | Current library | Total Checkouts | Full call number | Barcode | Date last seen | Price effective from | Koha item type |
|---|---|---|---|---|---|---|---|---|---|---|---|---|
| Research & Theses collection | National Assembly Library of Thailand | National Assembly Library of Thailand | ว HE373.T53S2 ค123ค 2545 | 3961157290 | 09/06/2017 | 09/06/2017 | Research/Thesis |
